000 00418nam a2200157Ia 4500
003 Ost
005 20260225132557.0
008 260225s9999||||xx |||||||||||||| ||und||
040 _cfsic
041 _afre
082 _a302.23
100 _aMOHAMED Amine Ferhat
_eAuteur
245 0 _aCitrus d'algerie , les huiles essentielles et leurs procedes d 'extractions /
245 0 _cMOHAMED Amine Ferhat
942 _cكتاب
999 _c34523
_d34523